| 000 | 01042nam a2200205Ia 4500 | ||
|---|---|---|---|
| 999 |
_c50850 _d50850 |
||
| 001 | 17805 | ||
| 003 | GE_BSU | ||
| 005 | 20200224151606.0 | ||
| 008 | 181216s1961 xx |||||||||||||| ||eng|| | ||
| 040 | _cGE_BSU | ||
| 041 | _aeng | ||
| 080 | _a353.03(73) P-97 | ||
| 245 |
_aPublic papers of the presidents of the United States Dwight D. Eisenhower. 1960-1961 _bContaining the Public Message, Speeches, and Statements of the President. January 1, 1960, to january 20, 1961 |
||
| 264 |
_aWashington : _bUnited States government printing office, _c1961. |
||
| 300 |
_a1165 p. : _b ill; _c 26 cm |
||
| 653 | _aContaining the Public Message, Speeches, and Statements of the President. January 1, 1960, to january 20, 1961 | ||
| 653 | _aPublic papers of the presidents of the United States Jimmy Carter 1980-81. | ||
| 653 | _aშეერთებული შტატების პრეზიდენტების დუაიტ დ ეიზენჰაუერის საჯარო ნაშრომები | ||
| 942 |
_cBK _2udc |
||